Aiming high : raising attainment of pupils from culturally diverse backgrounds /

Bibliographic Details
Other Authors: Parker-Jenkins, Marie
Format: Book
Language:English
Published: London : Paul Chapman, 2007.
Subjects:

MARC

Tag First Indicator Second Indicator Subfields
LEADER 00000pam a2200000 a 4500
001 in00002328721
005 20151108053045.0
008 061215s2007 enk b 001 0 eng
015 |a GBA6A6363  |2 bnb 
016 7 |a 013629704  |2 Uk 
020 |a 9781412929387 (hbk.) 
020 |a 1412929385 (hbk.) 
020 |a 1412929393 (pbk.) 
020 |a 9781412929394 (pbk.) 
035 |a (OCoLC)ocm77257453 
035 |a (OCoLC)77257453 
040 |a UKM  |c UKM  |d BAKER  |d BTCTA  |d BWKUK  |d YDXCP  |d BWK  |d UtOrBLW 
042 |a ukblcatcopy 
049 |a TXAM 
050 4 |a LC3736.G7  |b A46 2007 
082 0 4 |a 371.90941  |2 22 
245 0 0 |a Aiming high :  |b raising attainment of pupils from culturally diverse backgrounds /  |c Marie Parker-Jenkins [and others]. 
264 1 |a London :  |b Paul Chapman,  |c 2007. 
300 |a xv, 112 pages ;  |c 31 cm. 
336 |a text  |b txt  |2 rdacontent 
337 |a unmediated  |b n  |2 rdamedia 
338 |a volume  |b nc  |2 rdacarrier 
504 |a Includes bibliographical references and index. 
650 0 |a Children of minorities  |x Education  |z Great Britain. 
650 0 |a Educational attainment. 
700 1 |a Parker-Jenkins, Marie. 
938 |a Baker & Taylor  |b BKTY  |c 61.95  |d 61.95  |i 1412929385  |n 0007238698  |s active 
938 |a Baker & Taylor  |b BKTY  |c 27.95  |d 27.95  |i 1412929393  |n 0007173674  |s active 
938 |a Baker and Taylor  |b BTCP  |n BK0007238698 
938 |a Blackwell Book Service UK  |b BBUK  |n L9764818  |c 60.00 
938 |a YBP Library Services  |b YANK  |n 100452940 
945 |a PromptCat  |b 270206 
946 |a stk 
947 |a A14836493929 
948 |a cataloged  |b h  |c 2007/11/26  |d c  |e dmartine  |f 2:49:39 pm 
994 |a 92  |b TXA 
999 |a MARS 
999 f f |s 649edc44-b438-3259-8023-12a5ea82f175  |i b95cc4f7-adac-358b-9eef-00eeba6cd08a  |t 0 
952 f f |p normal  |a Texas A&M University  |b College Station  |c Sterling C. Evans Library  |d Evans: Library Stacks  |t 0  |e LC3736.G7 A46 2007  |h Library of Congress classification  |i unmediated -- volume  |m A14836493929 
998 f f |a LC3736.G7 A46 2007  |t 0  |l Evans: Library Stacks